名前に色の漢字が含まれる現役選手(2026) - Statistics

General Stats
  • This quiz has been taken 25 times
  • The average score is 16 of 31
Answer Stats
現所属 ポジション 選手名 % Correct
ソフトバンク 投手 上茶谷大河
96%
巨人 投手 赤星優志
87%
オリックス 内野手 紅林弘太郎
87%
西武 投手 青山美夏人
87%
西武 投手 黒田将矢
87%
ヤクルト 内野手 赤羽由紘
83%
楽天 内野手 黒川史陽
83%
ロッテ 内野手 茶谷健太
78%
西武 捕手 炭谷銀仁朗
74%
ロッテ 内野手 金田優太
70%
西武 外野手 茶野篤政
65%
阪神 投手 石黒佑弥
65%
日本ハム 投手 金村尚真
65%
楽天 内野手 青野拓海
61%
広島 投手 赤木晴哉
57%
中日 投手 金丸夢斗
57%
西武 投手 黒木優太
52%
阪神 内野手 百﨑蒼生
43%
広島 投手 黒原拓未
39%
楽天 内野手 金子京介
39%
西武 内野手 金子功児
39%
広島 投手 長谷部銀次
39%
ヤクルト 投手 青柳晃洋
35%
楽天 外野手 前田銀治
30%
DeNA 内野手 小笠原蒼
26%
西武 内野手 横田蒼和
26%
西武 投手 濱岡蒼太
17%
巨人 投手 黃錦豪
17%
DeNA 投手 金渕光希
17%
西武 外野手 安藤銀杜
17%
巨人 捕手 相澤白虎
9%
No matching quizzes found
Score Distribution
Percent of People with Each Score
Percentile by Number Answered
Your Score History
You have not taken this quiz